Fr. Conceicao Rodrigues College of Engineering

Art of living: Classical manual on virtue, Happiness and effectiveness (Record no. 36055)

MARC details
000 -LEADER
fixed length control field 00508nam a22001697a 4500
003 - CONTROL NUMBER IDENTIFIER
control field OSt
005 - DATE AND TIME OF LATEST TRANSACTION
control field 20240705114405.0
007 - PHYSICAL DESCRIPTION FIXED FIELD--GENERAL INFORMATION
fixed length control field 116 pages
008 - FIXED-LENGTH DATA ELEMENTS--GENERAL INFORMATION
fixed length control field 240705b |||||||| |||| 00| 0 eng d
015 ## - NATIONAL BIBLIOGRAPHY NUMBER
Source AO enterprises
National bibliography number 223 dt 3.7.2024
020 ## - INTERNATIONAL STANDARD BOOK NUMBER
International Standard Book Number 9788183225434
040 ## - CATALOGING SOURCE
Original cataloging agency AO enterprises
Language of cataloging English
Transcribing agency
082 ## - DEWEY DECIMAL CLASSIFICATION NUMBER
Classification number 808.83
Item number EPI
245 ## - TITLE STATEMENT
Title Art of living: Classical manual on virtue, Happiness and effectiveness
Statement of responsibility, etc. Epictetus
Medium English
260 ## - PUBLICATION, DISTRIBUTION, ETC.
Name of publisher, distributor, etc. Harper Collins
Date of publication, distribution, etc. 2014
942 ## - ADDED ENTRY ELEMENTS (KOHA)
Source of classification or shelving scheme Dewey Decimal Classification
Koha item type BOOK
Call number prefix 808.83
Call number suffix EPI
Suppress in OPAC No
Holdings
Withdrawn status Lost status Source of classification or shelving scheme Damaged status Not for loan Collection Home library Current library Date acquired Cost, normal purchase price Inventory number Total Checkouts Full call number Barcode Date last seen Date last checked out Price effective from Koha item type Total Renewals
    Dewey Decimal Classification     General Fr. Agnel's C.Rodrigues College of Engineering AGNEL TECHNICAL COLLEGE LIBRARY 05/07/2024 199.00 Invoice no.223 dt 3.7.2024 1 808.83/EPI 26419 10/03/2026 27/02/2026 05/07/2024 BOOK 1
    Dewey Decimal Classification     General Fr. Agnel's C.Rodrigues College of Engineering Fr. Agnel's C.Rodrigues College of Engineering 05/07/2024 199.00 Invoice no.223 dt 3.7.2024 4 808.83/EPI 26418 13/05/2026 27/04/2026 05/07/2024 BOOK